| 000 | 00852nam a2200265Ia 4500 | ||
|---|---|---|---|
| 003 | OSt | ||
| 005 | 20221005090116.0 | ||
| 006 | a|||||r|||| 00| 0 | ||
| 007 | ta | ||
| 008 | 221004b |||||||| |||| 00| 0 eng d | ||
| 020 |
_a9781847010865 (hbk) _c4597.64 |
||
| 024 | _a24043 | ||
| 037 |
_b2378, 04/12/2015, Govinda Book House _cTextual |
||
| 040 |
_aCRL _cCRL _beng |
||
| 041 |
_2eng _aeng |
||
| 082 | _aV6:5.P, Q4 | ||
| 100 |
_aObadare Ebenezer Ed. _9614849 |
||
| 245 | 0 |
_aCivic agency in Africa _b Arts of resistance in the 21st century |
|
| 260 |
_aNew York _bJames Currey U.S.A. _c2014 |
||
| 300 |
_axx, 236p. _ccm. |
||
| 650 | _aHISTORY | ||
| 700 |
_a Willems Wendy Ed. _933514 |
||
| 942 |
_hV6:5.P, Q4 _cTEXL _2cc |
||
| 999 |
_c995243 _d995243 |
||